Eurovision 2025 Artists by Picture - Statistics

General Stats
  • This quiz has been taken 408 times
  • The average score is 11 of 12
Answer Stats
Picture Answer % Correct
Remember Monday | United Kingdom
99%
Tommy Cash | Estonia
98%
Claude | Netherlands
97%
Go-Jo | Australia
97%
Erika Vikman | Finland
96%
KAJ | Sweden
96%
Sissal | Denmark
96%
JJ | Austria
95%
Laura Thorn | Luxembourg
95%
Væb | Iceland
95%
ADONXS | Czechia
93%
EMMY | Ireland
93%
Kyle Alessandro | Norway
93%
Miriana Conte | Malta
93%
Abor & Tynna | Germany
92%
Lucio Corsi | Italy
92%
Zoë Më | Switzerland
92%
Gabry Ponte | San Marino
91%
Louane | France
91%
Red Sebastian | Belgium
91%
Theo Evan | Cyprus
91%
Klavdia | Greece
90%
Klemen | Slovenia
90%
Napa | Portugal
90%
Melody | Spain
89%
Ziferblat | Ukraine
89%
Katarsis | Lithuania
88%
PARG | Armenia
88%
Tautumeitas | Latvia
85%
Mamagama | Azerbaijan
84%
Yuval Raphael | Israel
83%
Nina Žižic | Montenegro
81%
Princ | Serbia
81%
Shkodra Elektronike | Albania
80%
Justyna Steczkowska | Poland
78%
Mariam Shengelia | Georgia
76%
Marko Bošnak | Croatia
61%
No matching quizzes found
Score Distribution
Percent of People with Each Score
Percentile by Number Answered
Your Score History
You have not taken this quiz